Pays 1 lettre sur 2 (click quiz) - Statistiques

Statistiques générales
  • Ce quiz a été pris 55 fois
  • Le résultat moyen est 6 sur 15
Statistiques - réponses
Hint Réponse % Correct
Carte à jouer souvent la plus forte Laos
80%
Intelligence artificielle Iran
64%
Sirotée Brunei
60%
Abréviation de "faculté" France
46%
Colère Israël
38%
Première page d'un journal Guinée
36%
Il a 7 couleurs s'il est en ciel Maurice
34%
Siffla Bhoutan
32%
Possède Mali
32%
S’élançai avec violence Roumanie
32%
De popularité Croatie
28%
Id est Niger
28%
Pronom réfléchi, forme accentuée de "se" Estonie
26%
Abîmé Russie
22%
Situé Suisse
18%
Aucun quiz correspondant
Distribution des résultats
% des personnes avec chaque résultat
Percentile par nombre de réponses
Votre historique - résultats
Vous n’avez pas pris ce quiz